The Teacher's Funeral: a comedy in three parts (Record no. 125296)

MARC details
000 -LÍDER
campo de controle de tamanho fixo 01751 a2200229 4500
001 - NÚMERO DE CONTROLE
campo de controle 125296
020 ## - ISBN - INTERNATIONAL STANDARD BOOK NUMBER
ISBN - International Standard Book Number 9780439865173
040 ## - FONTE DA CATALOGAÇÃO
Instituição que transcreveu o registro Escola Canadense de Niteroi
090 ## - NÚMERO DE CHAMADA LOCAL
Número de chamada (OCLC) (R); Número de chamada, CALL (RLIN) (NR) PEC
100 ## - ENTRADA PRINCIPAL--NOME PESSOAL
Nome pessoal Peck, Richard
245 10 - TÍTULO
Título The Teacher's Funeral: a comedy in three parts
300 ## - DESCRIÇÃO FÍSICA
Dimensões 5 x 0.75 x 8.5
362 0# - DATAS DE PUBLICAÇÃO E/OU DESIGNAÇÃO SEQUENCIAL
Datas de publicação e/ou designação sequencial 2006
520 ## - NOTA DE RESUMO, ETC
Resumo, etc. "If your teacher has to die, August isn't a bad time of year for it," begins Richard Peck's latest novel, a book full of his signature wit and sass. Russell Culver is fifteen in 1904, and he's raring to leave his tiny Indiana farm town for the endless sky of the Dakotas. To him, school has been nothing but a chain holding him back from his dreams. Maybe now that his teacher has passed on, they'll shut the school down entirely and leave him free to roam.<br/>No such luck. Russell has a particularly eventful season of schooling ahead of him, led by a teacher he never could have predicted--perhaps the only teacher equipped to control the likes of him: his sister Tansy. Despite stolen supplies, a privy fire, and more than any classroom's share of snakes, Tansy will manage to keep that school alive and maybe, just maybe, set her brother on a new, wiser course.<br/>As he did in A Long Way from Chicago and A Year Down Yonder, Richard Peck creates a whole world of folksy, one-of-a-kind characters here--the enviable and the laughable, the adorably meek and the deliciously terrifying. There will be no forgetting Russell, Tansy, and all the rest who populate this hilarious, shrewd, and thoroughly enchanting novel.
650 #4 - ASSUNTO--TERMO TÓPICO
Cabeçalho tópico ou nome geográfico Family Life
650 #4 - ASSUNTO--TERMO TÓPICO
Cabeçalho tópico ou nome geográfico Teachers
650 #4 - ASSUNTO--TERMO TÓPICO
Cabeçalho tópico ou nome geográfico School
650 #4 - ASSUNTO--TERMO TÓPICO
Cabeçalho tópico ou nome geográfico Young Adult Literature
650 #4 - ASSUNTO--TERMO TÓPICO
Cabeçalho tópico ou nome geográfico Historical Fiction
650 #4 - ASSUNTO--TERMO TÓPICO
Cabeçalho tópico ou nome geográfico Humorous stories
942 ## - ELEMENTOS DE ENTRADA ADICIONADOS (KOHA)
Tipo de material Koha Livros
Holdings
Situação do descarte Situação das perdas Situação física Não pode ser emprestado Biblioteca de origem Biblioteca atual Data de aquisição Total de empréstimos Número de chamada completo Código de barras Data de último acesso Data do preço efetivo Tipo de material Koha
        Canadian School of Niterói - Itacoatiara Canadian School of Niterói - Itacoatiara 09/02/2024   PEC A02602 09/02/2024 09/02/2024 Livros